Players With The Most Goal Contributions Per Season Since 1975 - Statistics

General Stats
  • This quiz has been taken 35 times
  • The average score is 32 of 49
Answer Stats
Hint Apps Goals Assists Goals+Assists Player % Correct
13/14 47 51 17 68 Cristiano Ronaldo
100%
07/08 49 | 46 42 | 39 8 | 11 50 Cristiano Ronaldo | Luca Toni
100%
18/19 50 51 22 73 Lionel Messi
100%
17/18 54 45 20 65 Lionel Messi
100%
16/17 52 54 20 74 Lionel Messi
100%
14/15 57 58 31 89 Lionel Messi
100%
12/13 50 60 17 77 Lionel Messi
100%
11/12 60 73 32 105 Lionel Messi
100%
10/11 55 53 27 80 Lionel Messi
100%
09/10 53 47 12 59 Lionel Messi
100%
08/09 51 38 19 57 Lionel Messi
100%
96/97 49 47 13 60 Ronaldo
100%
22/23 53 52 9 61 Erling Haaland
97%
23/24 45 | 49 44 | 45 12 | 11 56 Harry Kane | Kylian Mbappe
97%
15/16 53 59 24 83 Luis Suarez
94%
20/21 40 48 9 57 Robert Lewandowski
94%
19/20 47 55 10 65 Robert Lewandowski
94%
21/22 46 39 22 61 Kylian Mbappe
87%
03/04 51 39 15 54 Thierry Henry
84%
02/03 55 32 24 56 Thierry Henry
84%
91/92 45 | 38 38 | 29 4 | 13 42 Jean-Pierre Papin | Marco van Basten
81%
88/89 48 33 13 46 Marco van Basten
77%
05/06 45 26 23 49 Ronaldinho
71%
99/00 50 30 13 43 Alan Shearer
68%
95/96 48 37 10 47 Alan Shearer
68%
94/95 49 37 15 52 Alan Shearer
68%
76/77 48 53 0 53 Dieter Muller
68%
90/91 50 36 4 40 Jean-Pierre Papin
65%
84/85 48 30 13 43 Michel Platini
65%
82/83 51 28 14 42 Michel Platini
65%
00/01 53 36 10 46 Rivaldo
61%
92/93 43 | 50 30 | 29 11 | 12 41 Roberto Baggio | Teddy Sheringham
55%
01/02 49 36 7 43 Ruud van Nistelrooy
48%
97/98 47 32 16 48 Alessandro Del Piero
45%
06/07 50 32 16 48 Francesco Totti
45%
93/94 45 41 14 55 Andy Cole
32%
89/90 44 42 12 54 Hugo Sanchez
32%
81/82 61 22 25 47 Kenny Dalglish
32%
79/80 60 23 22 45 Kenny Dalglish
32%
78/79 54 25 20 45 Kenny Dalglish
32%
77/78 62 31 13 44 Kenny Dalglish
32%
85/86 53 31 17 48 Ian Rush
29%
83/84 66 47 14 61 Ian Rush
29%
98/99 53 29 19 48 Dwight Yorke
23%
04/05 48 34 17 51 Roy Makaay
19%
86/87 54 49 3 52 Clive Allen
13%
87/88 50 19 25 44 Michel
6%
75/76 50 23 20 43 John Toshack
3%
80/81 64 36 9 45 John Wark
3%
No matching quizzes found
Score Distribution
Percent of People with Each Score
Percentile by Number Answered
Your Score History
You have not taken this quiz